000
00361nam a2200169Ia 4500
100
_a
Athalye/A.S
650
_a
Moulding
942
_c
BK
366
_f
20
654
_a
injection moulding
245
_a
Injection Moulding
260
_b
Multi tech publishers
_c
1997
082
_a
668.4
_b
ATH
300
_a
548
546
_a
ENGLISH
_c
Info.Tech
999
_c
32710
_d
32710